<?xml version="1.0" encoding="UTF-8"?>
<collection xmlns="http://www.loc.gov/MARC21/slim">
    <record>
        <controlfield tag="001">12282</controlfield>
        <controlfield tag="005">20170831220510.0</controlfield>
        <datafield tag="037" ind1=" " ind2=" ">
            <subfield code="a">TAZ-TFM-2013-791</subfield>
        </datafield>
        <datafield tag="041" ind1=" " ind2=" ">
            <subfield code="a">spa</subfield>
        </datafield>
        <datafield tag="100" ind1="1" ind2=" ">
            <subfield code="a">Martín Serrano, Miguel Ángel</subfield>
        </datafield>
        <datafield tag="245" ind1="0" ind2="0">
            <subfield code="a">Actividad antitumoral del alcaloide natural Berberina en células hematopoyéticas</subfield>
        </datafield>
        <datafield tag="260" ind1=" " ind2=" ">
            <subfield code="a">Zaragoza</subfield>
            <subfield code="b">Universidad de Zaragoza</subfield>
            <subfield code="c">2013</subfield>
        </datafield>
        <datafield tag="506" ind1=" " ind2=" ">
            <subfield code="a">by-nc-sa</subfield>
            <subfield code="b">Creative Commons</subfield>
            <subfield code="c">3.0</subfield>
            <subfield code="u">http://creativecommons.org/licenses/by-nc-sa/3.0/</subfield>
        </datafield>
        <datafield tag="520" ind1=" " ind2=" ">
            <subfield code="a">La berberina es una alcaloide presente en diversas zonas de muchas plantas que se lleva usando mucho tiempo en la medicina tradicional china. Se ha demostrado su efecto beneficioso en muchos campos de la medicina, e incluso existen ensayos clínicos en los que se está probando su valía. Uno de los campos en los que la berberina ha demostrado tener potencial es en el del cáncer. Aunque no existen ensayos clínicos, la berberina posee actividad antitumoral frente a muchos tipos de tumores. El mecanismo por el cual la berberina elimina las células tumorales parece ser mayoritariamente la inducción de la apoptosis a través de la ruta mitocondrial. Aunque la berberina presenta actividad antitumoral frente a diversos tipos de tumores sólidos como hematológicos “in vitro”, existen muy pocos estudios sobre la eficacia y el mecanismo de acción de la berberina contra neoplasias hematológicas en comparación con carcinomas sólidos, y solo un estudio ha analizado el papel de la berberina en pacientes con leucemia mieloide aguda. En este trabajo fin de master se propuso arrojar más luz sobre las capacidades antitumorales de la berberina en tumores hematológicos, comprobando que ejerce una actividad citotóxica en las cuatro líneas analizadas. Se han obtenido datos, aunque no del todo concluyentes sobre la implicación de las proteínas de la familia Bcl2 en el mecanismo de muerte activado. Nos propusimos realizar ensayos en muestras de pacientes con neoplasias hematológicas, obteniendo datos satisfactorios tanto por su acción antitumoral como por la baja toxicidad secundaria que presenta en las células mononucleadas de la sangre periférica. Por último se estudió el potencial antitumoral “in vivo” frente al desarrollo tumoral de un linfoma T en ratones autotrasplantados, observándose que reduce el crecimiento, la invasividad y la angiogénesis.</subfield>
        </datafield>
        <datafield tag="521" ind1=" " ind2=" ">
            <subfield code="a">Máster Universitario en Biología Molecular y Celular</subfield>
        </datafield>
        <datafield tag="540" ind1=" " ind2=" ">
            <subfield code="a">Derechos regulados por licencia Creative Commons</subfield>
        </datafield>
        <datafield tag="653" ind1="1" ind2=" ">
            <subfield code="a">berberina</subfield>
        </datafield>
        <datafield tag="653" ind1="1" ind2=" ">
            <subfield code="a">antitumoral</subfield>
        </datafield>
        <datafield tag="653" ind1="1" ind2=" ">
            <subfield code="a">alcaloide</subfield>
        </datafield>
        <datafield tag="653" ind1="1" ind2=" ">
            <subfield code="a">células</subfield>
        </datafield>
        <datafield tag="653" ind1="1" ind2=" ">
            <subfield code="a">hematopoyéticas</subfield>
        </datafield>
        <datafield tag="700" ind1=" " ind2=" ">
            <subfield code="a">Pardo Jimeno, Julián</subfield>
            <subfield code="e">dir.</subfield>
        </datafield>
        <datafield tag="700" ind1=" " ind2=" ">
            <subfield code="a">Gálvez Buerba, Eva</subfield>
            <subfield code="e">dir.</subfield>
        </datafield>
        <datafield tag="710" ind1="2" ind2=" ">
            <subfield code="a">Universidad de Zaragoza</subfield>
            <subfield code="b">Bioquímica y Biología Molecular y Celular</subfield>
            <subfield code="c">Bioquímica y Biología Molecular</subfield>
        </datafield>
        <datafield tag="856" ind1="0" ind2=" ">
            <subfield code="f">537072@celes.unizar.es</subfield>
        </datafield>
        <datafield tag="856" ind1="4" ind2=" ">
            <subfield code="s">2471928</subfield>
            <subfield code="u">http://zaguan.unizar.es/record/12282/files/TAZ-TFM-2013-791.pdf</subfield>
            <subfield code="y">Memoria (spa)</subfield>
        </datafield>
        <datafield tag="909" ind1="C" ind2="O">
            <subfield code="o">oai:zaguan.unizar.es:12282</subfield>
            <subfield code="p">trabajos-fin-master</subfield>
            <subfield code="p">driver</subfield>
        </datafield>
        <datafield tag="950" ind1=" " ind2=" ">
            <subfield code="a"></subfield>
        </datafield>
        <datafield tag="980" ind1=" " ind2=" ">
            <subfield code="a">TAZ</subfield>
            <subfield code="b">TFM</subfield>
            <subfield code="c">CIEN</subfield>
        </datafield>
    </record>

    
</collection>